Το λεξιλόγιο του Μακρυγιάννη : ή πως μιλούσαν οι Έλληνες προτού βιαστεί η γλώσσα μας από την καθαρεύουσα

Αποθηκεύτηκε σε:
Λεπτομέρειες βιβλιογραφικής εγγραφής
Άλλοι συγγραφείς: Καζάζης, Ιωάννης Ν., 1947- (Επιμελητής έκδοσης), Κυριαζίδης, Νίκος Ι. (Επιμελητής έκδοσης)
Μορφή: Βιβλίο
Γλώσσα:Greek
Δημοσίευση: Αθήνα : Ερμής, 1983
Θέματα:
Ετικέτες: Προσθήκη ετικέτας
Δεν υπάρχουν, Καταχωρήστε ετικέτα πρώτοι!

MARC

LEADER 00000cam a2200000 i 4500
001 1/50671
008 140703s1983 gre d
035 |l 10118200 
040 |a GR-MY-UA  |b gre  |e aacr 
041 0 |a gre 
082 0 |a 489.3  |2 (23) 
245 1 3 |a Το λεξιλόγιο του Μακρυγιάννη :  |b ή πως μιλούσαν οι Έλληνες προτού βιαστεί η γλώσσα μας από την καθαρεύουσα /  |c ιδέα-επιμέλεια Ν.Ι. Κυριαζίδης; γλωσσική επεξεργασία Ι.Ν. Καζάζης; προγράμματα κομπιούτερ J. Brehier 
260 |a Αθήνα :   |b Ερμής,   |c 1983 
300 |a 3 τ.;  |c 21 εκ. 
650 0 0 |a Greek language  |x Dialects. 
700 1 |4 edt  |a Καζάζης, Ιωάννης Ν.,   |d 1947- 
700 1 |4 edt  |a Κυριαζίδης, Νίκος Ι. 
852 |a INST  |b LESVOS  |e 20140703  |h 489.3 ΛΕΞ  |p 005100054580  |q 005100054580  |t REF  |y 23  |z τ.3 
852 |a INST  |b LESVOS  |e 20140703  |h 489.3 ΛΕΞ  |p 005100054581  |q 005100054581  |t REF  |y 23  |z τ.2 
852 |a INST  |b LESVOS  |e 20140703  |h 489.3 ΛΕΞ  |p 005100054582  |q 005100054582  |t REF  |y 23  |z τ.1 
852 |a INST  |b LESVOS  |e 20140703  |h 489.3 ΛΕΞ  |p 005100054580  |q 005100054580  |t REF  |v τ.3:  |y 23  |z τ.3 
852 |a INST  |b LESVOS  |e 20140703  |h 489.3 ΛΕΞ  |p 005100054581  |q 005100054581  |t REF  |v τ.2:  |y 23  |z τ.2 
852 |a INST  |b LESVOS  |e 20140703  |h 489.3 ΛΕΞ  |p 005100054582  |q 005100054582  |t REF  |v τ.1:  |y 23  |z τ.1 
853 |a INST  |b LESVOS  |h 489.3 ΛΕΞ 
901 |a BIBL1-2014-2 
909 |a Λ  |b 189740 
909 |a Λ  |b 189741 
909 |a Λ  |b 189742 
922 |a 1ΕΛΗ  |b 201406  |c ΤΜΗΜΑ ΚΟΙΝΩΝΙΚΗΣ ΑΝΘΡΩΠΟΛΟΓΙΑΣ ΚΑΙ ΙΣΤΟΡΙΑΣ  |d ΙΩΑΝΝΙΔΟΥ 
970 |a ΤΖΑΦΕΡΗ  |b ΕΥΑΓΓΕΛΙΑ  |z 2014/07/03